Silabario dedicado a la juventud Oriental
Gespeichert in:
| 1. Verfasser: | |
|---|---|
| Format: | keine Angabe |
| Sprache: | Spanisch |
| Erschienen: |
Montevideo
1872
|
| Ausgabe: | 4a. |
| Katalog: | MANES: Suchergebnis im Bibliothekskatalog |
| Schulbuchspezifische Eigenschaften: |
|
| Schlagworte: | |
| Tags: |
Tag hinzufügen
Keine Tags, Fügen Sie den ersten Tag hinzu!
|
| Hinzugefügt zu: | 26.04.2016 |
MARC
| LEADER | 000000000a22000000004500 | ||
|---|---|---|---|
| 001 | 37374 | ||
| 008 | 160427s uy ||||| |||| 00| 0 spa d | ||
| 040 | |a manes |c manes | ||
| 100 | 1 | |a Lira, J.M |b Autor | |
| 245 | 0 | 0 | |a Silabario dedicado a la juventud Oriental |
| 250 | |a 4a. | ||
| 260 | |a Montevideo |c 1872 | ||
| 300 | |a 32 |c 12 x 17,5 cm. | ||
| 500 | |a Aprobado por el Instituto de Instrucción Pública y por la Comisión de Instrucción de la J.E.Adminstrativa adoptado en todas las escuelas públicas de la Capital y en los colegios particulares. | ||
| 546 | |a Uruguay | ||
| 650 | 7 | |a Escritura y Lectura | |
| 655 | 7 | |a Primaria | |
| 999 | |c 49129 |d 49129 | ||
| 999 | |c manes:49129 |d 49129 | ||